Statistiken für Nach Personen benannte Flughäfen

Klicken Sie hier um das Quiz zu spielen!

Allgemein

  • Dieses Quiz wurde 523 mal gespielt
  • Das Durchschnittsergebnis liegt bei 14 aus 21

Antwortstatistiken

Person Stadt % Korrekt
Charles de GaulleParis
97%
Franz Josef StraußMünchen
91%
Mustafa AtatürkIstanbul
91%
Leonardo da VinciRom
90%
W. A. MozartSalzburg
89%
Konrad AdenauerKöln / Bonn
88%
Fiorello LaGuardiaNew York City
84%
Helmut SchmidtHamburg
83%
John LennonLiverpool
76%
Václav HavelPrag
69%
David Ben-GurionTel Aviv
63%
Imam KhomeiniTeheran
62%
Edward O'HareChicago
60%
Indira GandhiDelhi
59%
Marco PoloVenedig
58%
Johannes Paul II.Krakau
48%
Benito JuárezMexiko-Stadt
47%
George BushHouston
46%
George BestBelfast
38%
Ninoy AquinoManila
28%
Lester PearsonToronto
27%

Verteilung der Resultate

Perzentil nach korrekt beantworteten Fragen

Anzahl Personen mit jedem Resultat

Ihre Resultats-Entwicklung

Sie haben dieses Quiz noch nicht gespielt